| 000 | 00414nam a22001697a 4500 | ||
|---|---|---|---|
| 005 | 20180411153402.0 | ||
| 008 | 160614b xxu||||| |||| 00| 0 eng d | ||
| 020 | _a81-219-2489-1 | ||
| 041 | _aeng | ||
| 082 |
_b7461 _a339 |
||
| 100 |
_aAhuja, H.L. _91003 |
||
| 245 | _aEconomic Environment of Business | ||
| 260 |
_aNew Delhi _bSultan Chand & Sons, |
||
| 300 | _a704 | ||
| 650 |
_aManagement _9241 |
||
| 942 | _cBK | ||
| 999 |
_c2665 _d2664 |
||